Karnataka nanya parampare. (Record no. 105830)

MARC details
000 -LEADER
fixed length control field 00629nam a2200205Ia 4500
003 - CONTROL NUMBER IDENTIFIER
control field OSt
005 - DATE AND TIME OF LATEST TRANSACTION
control field 20250926152602.0
008 - FIXED-LENGTH DATA ELEMENTS--GENERAL INFORMATION
fixed length control field 210210b2003 xxu||||| |||| 00| 0 eng d
020 ## - INTERNATIONAL STANDARD BOOK NUMBER
International Standard Book Number 81 7713 125 7
040 ## - CATALOGING SOURCE
Transcribing agency AL
041 ## - LANGUAGE CODE
Language code of text/sound track or separate title Kannada
082 ## - DEWEY DECIMAL CLASSIFICATION NUMBER
Classification number 737.495487K NARK
100 ## - MAIN ENTRY--PERSONAL NAME
Personal name NARASIMHA MURTHY (A V).
Dates associated with a name ನರಸಿಂಹಮೂರ್ತಿ (ಎ ವಿ)
9 (RLIN) 240668
245 ## - TITLE STATEMENT
Title Karnataka nanya parampare.
Remainder of title ಕರ್ನಾಟಕ ನಾಣ್ಯ ಪರಂಪರೆ.
260 ## - PUBLICATION, DISTRIBUTION, ETC.
Place of publication, distribution, etc. Bengaluru
Name of publisher, distributor, etc. Kannada Pustaka Pradhikara
Date of publication, distribution, etc. 2003
300 ## - PHYSICAL DESCRIPTION
Extent xii,364
690 ## - LOCAL SUBJECT ADDED ENTRY--TOPICAL TERM (OCLC, RLIN)
Topical term or geographic name as entry element Numismatics
9 (RLIN) 240669
906 ## - LOCAL DATA ELEMENT F, LDF (RLIN)
a 058264
942 ## - ADDED ENTRY ELEMENTS (KOHA)
Source of classification or shelving scheme Dewey Decimal Classification
Koha item type Book
Holdings
Withdrawn status Lost status Source of classification or shelving scheme Damaged status Not for loan Collection code Home library Current library Shelving location Date acquired Source of acquisition Cost, normal purchase price Total Checkouts Full call number Barcode Date last seen Price effective from Koha item type
    Dewey Decimal Classification     Others St Aloysius Library St Aloysius Library   02/17/2021 Athree Book Centre, Mangalore-01. 200.00   737.495487K NARK 058264 02/17/2021 02/17/2021 Book